AK’s General Knowledge A-Z #99 - Statistics

General Stats
  • This quiz has been taken 270 times
  • The average score is 17 of 26
Answer Stats
Hint Answer % Correct
C – Superman’s and Dracula’s garment Cape
95%
D – something that the __________ People's Republic of Korea is not, despite its official name Democratic
93%
J – “Hey ____, don't make it bad; Take a sad song and make it better” Jude
90%
T – Margaret Atwood’s The Handmaid’s ____ Tale
88%
H – first name of Keller, the first deafblind person to earn a Bachelor of Arts degree Helen
86%
Z – the only African country where U.S. dollar is the official currency Zimbabwe
82%
B – singer whose hit “Space Oddity” was inspired by 2001: A Space Odyssey character David Bowman David Bowie
81%
F – Street _______, the highest-grossing fighting game media franchise of all time Fighter
81%
G – Gillian Flynn’s runaway bestseller ____ Girl Gone
80%
A – the first male human in Norse mythology, or to enquire Ask
75%
E – to compel a player to leave the field, or a button on a VCR Eject
73%
K – an educational institution, or where Arnold Schwarzenegger was a cop Kindergarten
72%
I – a dialogue between Socrates and ___, or lithium-___ battery Ion
71%
S – Tom who skipped school to go swimming, after which his aunt made him whitewash her fence Sawyer
71%
V – certain religious practices in Haiti, or Jimi Hendrix’s “______ Child (Slight Return)” Voodoo
71%
R – painted The Night Watch Rembrandt
66%
O – the amount of prevention that is worth a pound of cure an Ounce
58%
U – a public land-grant research university in Los Angeles; the second-oldest university in California after UC Berkeley UCLA
55%
Y – helpful green dinosaur who first appeared in Super Mario World Yoshi
52%
N – the only country in the world that has exactly one island Nauru
48%
P – a long and slender piece of wood, an almost unique place on Earth, or someone from Lodz Pole
46%
W – the Dutch used thousands of these in the 1800s to power the reclaiming of land from the sea Windmill
43%
L – follows slum, precedes ship Lord
42%
Q – Chinese basketball player Zhou __ Qi
42%
M – board game where players cooperate to build a _____ ____ in the style of a Rube Goldberg machine and then try to trap opponents' game pieces Mouse Trap
36%
X – xenophobic in Spanish Xenófobo
8%
No matching quizzes found
Score Distribution
Percent of People with Each Score
Percentile by Number Answered
Your Score History
You have not taken this quiz